000 00625nam a2200253Ia 4500
003 OSt
005 20221007103153.0
006 a|||||r|||| 00| 0
007 ta
008 221006b |||||||| |||| 00| 0 hin d
024 _a12,420
037 _cTextual
040 _aLCO
_cLCO
_bhin
041 _2hin
_ahin
082 _aZ(Q7), N3
100 _aAhmed Akil
_9704854
245 0 _aMuslim Vidhi
250 _a20th
260 _aAllahabad
_bCentral Law Agency India
_c1993
300 _a310
650 _aMuslim Vidhi
_9704855
942 _hZ(Q7), N3
_cTEXL
999 _c1181983
_d1181983